banner-ar

THE TALE OF THE DEAD PRINCESS AND SEVEN KNIGHTS / (Record no. 15210)

MARC details
000 -الفاتح
حقل البيانات ثابتة الطول 00498nam a2200181Ia 4500
008 - عناصر البيانات ثابتة الطول - معلومات عامة
حقل البيانات ثابتة الطول 140319s9999 xx 000 0 eng d
040 ## - مصدر الفهرسة
وكالة الفهرسة الأصلية GCL /
وكالة النسخ GCL
082 04 - رقم تصنيف ديوى العشرى
رقم التصنيف CH
رقم المادة 891.76
-- P T
100 1# - المدخل الرئيسى - إسم شخصى
الإسم الشخصى PUSHKIN, ALEXANDER
245 10 - بيان العنوان
العنوان THE TALE OF THE DEAD PRINCESS AND SEVEN KNIGHTS /
بيان المسئوليه,etc PUSHKIN, ALEXANDER
260 ## - PUBLICATION, DISTRIBUTION, ETC. (IMPRINT)
تاريخ النشر أو التوزيع 1984
300 ## - الوصف المادى
التعداد 36 P
650 04 - المدخل الاضافى بالموضوع-مصطلح موضوعى
مصطلح موضوعي CHILDREN
650 04 - المدخل الاضافى بالموضوع-مصطلح موضوعى
مصطلح موضوعي RUSSIAN LITERATURE
650 04 - المدخل الاضافى بالموضوع-مصطلح موضوعى
مصطلح موضوعي RUSSIA - FICTION
942 ## - عناصر المدخل الإضافي( كوها)
مصدر التصنيف او مخطط الترفيف Dewey Decimal Classification
Koha [default] item type كتاب
260 ## - PUBLICATION, DISTRIBUTION, ETC. (IMPRINT)
-- [S.N] :
-- RADUGA PUBLISHERS ،
Holdings
حالة التراجع حالة الفقد حالة تلف ليس للاعارة المكان المؤقت الموقع الحالى تاريخ الاكتساب اجمالي اﻻعارات رقم الطلب الباركود تاريخ اخر مشاهدة تاريخ تفعيل السعر نوع وعاء كوها
        مكتبة القاهرة الكبرى مكتبة القاهرة الكبرى 03/26/2014   CH\891.76\P T 28265 03/26/2014 03/26/2014 كتاب

Powered By

EGPV